[Event "Ch Guipuzcoa"]
[Site "masterchessopen.com – Azkoitia (Spain)"]
[Date "2010.10.16"]
[Round "1"]
[White "Nogues Fernandez Ramon (ESP)"]
[Black "Guijarro Galan Jose Luis (ESP)"]
[Result "0-1"]
[WhiteElo "1908"]
[BlackElo "2222"]

1.d4 Nf6 2.Nf3 e6 3.c4 c5 4.d5 b5 5.e3 Bb7 6.dxe6 fxe6 7.Nc3 b4 8.Ne2 Qc7
9.Ng3 Bd6 10.Bd3 Na6 11.Qe2 Qc6 12.b3 O-O-O 13.Bb2 h5 14.Ng5 Qxg2 15.O-O-O
Bxg3 16.hxg3 Ng4 17.Rdf1 Rhf8 18.Bg6 Rxf2 19.Rxf2 Nxf2 20.Rh4 Qxg3 21.Nf7 Bf3
22.Be5 Qg1+ 23.Kb2 Bxe2 24.Nd6+ Kc7 {#R} 0-1

[Event "Tournament \"]
[Site "masterchessopen.com – St. Petersburg (Russia)"]
[Date "2010.10.16"]
[Round "1"]
[White "Latonin Mikhail (RUS)"]
[Black "Serov Maksim (RUS)"]
[Result "0-1"]
[WhiteElo "1922"]
[BlackElo "2375"]

1.d4 Nf6 2.c4 c5 3.d5 b5 4.Nf3 e6 5.g3 exd5 6.cxd5 Bb7 7.Bg2 Bxd5 8.Bg5 Bc6
9.O-O Be7 10.a4 b4 11.Nbd2 O-O 12.Nc4 d5 13.Nfe5 Bb7 14.a5 Qc7 15.Bf4 Qc8
16.Ne3 Rd8 17.Qc2 g6 18.Rfd1 Na6 19.Bg5 Qe6 20.Nd3 Nh5 21.Bxe7 Qxe7 22.Ng4
Rac8 23.Bf3 c4 24.Nde5 Kf8 25.Qd2 f6 26.Qh6+ Qg7 {#R} 0-1

[Event "Memorial Jose Jabur (open)"]
[Site "masterchessopen.com – Curitiba (Brazil)"]
[Round "1"]
[White "Gotz Klaus Seiji Furucho (BRA)"]
[Black "Souza Adwilhans (BRA)"]
[Result "0-1"]
[WhiteElo "1736"]
[BlackElo "2331"]

1.d4 Nf6 2.c4 e6 3.Nf3 c5 4.d5 b5 5.Nc3 b4 6.Nb1 exd5 7.cxd5 Bb7 8.Bg5 h6
9.Bxf6 Qxf6 10.e4 Qxb2 11.Nbd2 Be7 12.Bc4 O-O 13.e5 d6 14.O-O dxe5 15.Rb1 Qa3
16.Nxe5 Bd6 17.f4 Bxe5 18.fxe5 Qe3+ 19.Kh1 Qxe5 20.Qb3 Nd7 21.d6 Nf6 22.Nf3
{#R} 0-1

[Event "Czech League 2010/11 (2nd) (c)"]
[Site "masterchessopen.com – Czech Republic"]
[Date "2010.12.05"]
[Round "4"]
[White "Braun Marek (CZE)"]
[Black "Stastny Jan (CZE)"]
[Result "0-1"]
[WhiteElo "2153"]
[BlackElo "2249"]

1.d4 Nf6 2.c4 e6 3.Nf3 c5 4.d5 b5 5.cxb5 exd5 6.e3 Bb7 7.Nc3 Be7 8.Be2 O-O
9.O-O d6 10.Qb3 Nbd7 11.Rd1 Ne5 12.a4 Re8 13.Ne1 Qc8 14.h3 Ne4 15.Nxd5 Bh4
16.f3 Nf2 17.Nc3 Nxd1 18.Qxd1 d5 19.f4 Bxe1 20.Qxe1 d4 21.fxe5 dxc3 22.Qxc3
Qf5 23.Bd2 Rxe5 24.Rf1 Qg5 25.e4 Qe7 26.Bc4 Rf8 27.Rxf7 Rxf7 28.Bxf7+ Kxf7
{#R} 0-1

[Event "It (open)"]
[Site "masterchessopen.com – Plzen (Czech Republic)"]
[Date "2010.12.06"]
[Round "3"]
[White "Stolarczyk Anna (POL)"]
[Black "Skokan Frantisek (CZE)"]
[Result "0-1"]
[WhiteElo "2071"]
[BlackElo "1840"]

1.d4 Nf6 2.c4 e6 3.Nf3 c5 4.d5 b5 5.dxe6 fxe6 6.cxb5 d5 7.e3 Bd6 8.Nc3 O-O
9.Bd3 Bb7 10.O-O Nbd7 11.Re1 Qc7 12.h3 Rae8 13.b3 Ne5 14.Nxe5 Bxe5 15.Bb2 d4
16.exd4 Bxd4 17.Qc2 Qg3 18.Bf1 Ng4 19.hxg4 Bxf2+ 20.Kh1 Qh4# 0-1

[Event "It (open)"]
[Site "masterchessopen.com – Plzen (Czech Republic)"]
[Date "2010.12.11"]
[Round "9"]
[White "Vojir Vaclav Jun (CZE)"]
[Black "Skokan Frantisek (CZE)"]
[Result "0-1"]
[WhiteElo "1786"]
[BlackElo "1840"]

1.d4 Nf6 2.c4 e6 3.Nf3 c5 4.d5 b5 5.Bg5 Qa5+ 6.Bd2 Qb6 7.dxe6 fxe6 8.cxb5 d5
9.a4 Bd6 10.e3 O-O 11.a5 Qc7 12.h3 e5 13.Nc3 Kh8 14.Qb3 d4 15.Na4 Ne4 16.b6
Qe7 17.Bd3 Nxf2 18.Kxf2 e4 19.exd4 exf3 20.gxf3 Qh4+ 21.Ke2 Nc6 22.Bc3 cxd4
23.Bd2 Bb7 24.Qd5 Rad8 25.Qg5 Rfe8+ 26.Be4 Rxe4+ 27.fxe4 Qxe4+ {#R} 0-1

[Event "Ch Central American (juniors) (under 18)"]
[Site "masterchessopen.com – Medellin (Colombia)"]
[Date "2010.12.12"]
[Round "5"]
[White "Suarez Walter Camilo (COL)"]
[Black "Carvajal Juan (BOL)"]
[Result "1-0"]
[WhiteElo "1963"]
[BlackElo "1923"]

1.d4 Nf6 2.c4 e6 3.Nf3 c5 4.d5 b5 5.dxe6 fxe6 6.cxb5 d5 7.Bg5 Be7 8.e3 O-O
9.Be2 Bb7 10.O-O a6 11.Nc3 axb5 12.Bxb5 Qb6 13.Qe2 d4 14.exd4 cxd4 15.Na4 Bxf3
16.Nxb6 Bxe2 17.Bxe2 Ra5 18.Bd2 Ra7 19.Rfc1 Bd8 20.Nc4 Nbd7 21.Bb4 e5 22.Bxf8
Kxf8 23.f3 Nd5 24.Bd3 g6 25.Be4 Nf4 26.Rf1 Bf6 27.g3 Ne6 28.b4 {#r} 1-0

[Event "It (open) \"]
[Site "masterchessopen.com – Kislovodsk (Russia)"]
[Date "2010.12.14"]
[Round "4"]
[White "Ilyinikh Yury (RUS)"]
[Black "Dzhakaev Dzhakay (RUS)"]
[Result "0-1"]
[WhiteElo "2134"]
[BlackElo "2474"]

1.d4 Nf6 2.Nf3 c5 3.d5 e6 4.c4 b5 5.dxe6 fxe6 6.cxb5 d5 7.e3 Bd6 8.Nc3 Nbd7
9.Be2 Bb7 10.b3 O-O 11.Bb2 Qe7 12.Qc2 e5 13.Nh4 g6 14.Nxg6 hxg6 15.Qxg6+ Qg7
16.Qf5 Rae8 17.Bf3 e4 18.Be2 Ne5 19.h4 Nfg4 20.Qg5 Qxg5 21.hxg5 Nxf2 22.O-O
Ned3 23.Ba3 Be5 {#R} 0-1

[Event "Ch Europe (active)"]
[Site "masterchessopen.com – Warsaw (Poland)"]
[Date "2010.12.18"]
[Round "3"]
[White "Olszewski Michal (POL)"]
[Black "Napoli Nicolo' (ITA)"]
[Result "1-0"]
[WhiteElo "2549"]
[BlackElo "2308"]

1.Nf3 Nf6 2.c4 e6 3.d4 c5 4.d5 b5 5.dxe6 fxe6 6.cxb5 d5 7.Nc3 Bd6 8.e4 dxe4
9.Ng5 O-O 10.Ngxe4 Nxe4 11.Nxe4 Qh4 12.Bd3 c4 13.Bg5 Bb4+ 14.Kf1 Rxf2+ 15.Nxf2
Qxg5 16.Be4 {#r} 1-0

[Event "Czech League 2010/11 (krajsky prebor)"]
[Site "masterchessopen.com – Czech Republic"]
[Date "2011.01.16"]
[Round "6"]
[White "Gogela Jan"]
[Black "Srejber Michal (CZE)"]
[Result "0-1"]
[WhiteElo "1950"]
[BlackElo "2145"]

1.d4 Nf6 2.Nf3 c5 3.d5 e6 4.c4 b5 5.dxe6 fxe6 6.cxb5 d5 7.e3 Bd6 8.Nc3 O-O
9.Bd3 Bb7 10.Ng5 Qe7 11.Qc2 h6 12.h4 e5 13.e4 c4 {#R} 0-1

[Event "Ch Romania"]
[Site "masterchessopen.com – Sarata Monteoru (Romania)"]
[Date "2011.02.12"]
[Round "1"]
[White "Secheres Alexandru (ROM)"]
[Black "Anton Teodor (ROM)"]
[Result "0-1"]
[WhiteElo "1845"]
[BlackElo "2382"]

1.d4 Nf6 2.c4 e6 3.Nf3 c5 4.d5 b5 5.Nc3 b4 6.Nb1 exd5 7.cxd5 Bb7 8.Bg5 h6
9.Bxf6 Qxf6 10.e4 Qxb2 11.Nbd2 d6 12.Rb1 Qf6 13.Bb5+ Kd8 14.O-O g5 15.e5 dxe5
16.Ne4 Qg6 17.Bc6 Bxc6 18.dxc6+ Kc7 19.Nxe5 Qxe4 20.Nxf7 Nxc6 21.Nxh8 Qh7
22.Qd5 Qxh8 23.Rfd1 Rd8 24.Qf7+ Be7 25.Rdc1 Rd7 {#R} 0-1

[Event "Ch Paulista (team)"]
[Site "masterchessopen.com – Sao Paulo (Brazil)"]
[Date "2011.02.26"]
[Round "2"]
[White "Perdomo Leandro (ARG)"]
[Black "Mandetta J"]
[Result "1-0"]
[WhiteElo "2387"]
[BlackElo "2121"]

1.d4 Nf6 2.c4 c5 3.d5 b5 4.Nf3 e6 5.Bg5 Bb7 6.e4 Qa5+ 7.Nbd2 bxc4 8.Bxc4 Nxe4
9.b4 cxb4 10.Nxe4 f6 11.Nxf6+ gxf6 12.Bxf6 Rg8 13.Ne5 b3+ 14.Kf1 b2 15.Rb1 Qc3
16.Bd3 Rg6 17.Nxg6 Qxf6 18.Nxf8 Kxf8 19.Qf3 Qxf3 20.gxf3 Bxd5 21.Be4 Bc4+
22.Kg2 d5 23.Bxh7 Bxa2 24.Rxb2 Bc4 25.Re1 Kf7 26.Rb7+ Kf6 27.Bg8 d4 28.Rf7+
{#r} 1-0

[Event "It \"]
[Site "masterchessopen.com – Skopje (Macedonia)"]
[Date "2011.04.06"]
[Round "6"]
[White "Markus Robert (SRB)"]
[Black "Drazic Sinisa (SRB)"]
[Result "1-0"]
[WhiteElo "2635"]
[BlackElo "2504"]

1.d4 e6 2.Nf3 Nf6 3.c4 c5 4.d5 b5 5.Bg5 b4 6.a3 Na6 7.dxe6 fxe6 8.e3 Be7 9.Bd3
O-O 10.Nbd2 Bb7 11.O-O d5 12.Qe2 bxa3 13.bxa3 Ne4 14.Bxe7 Qxe7 15.cxd5 Nc3
16.Bxh7+ Kxh7 17.Qd3+ Kh8 18.Qxc3 exd5 19.Ne5 Rf6 20.f4 Rd8 21.Ndf3 Nc7 22.Ng5
Kg8 23.Rac1 c4 24.Qc2 g6 25.Nxg6 Qxe3+ 26.Kh1 Rd7 27.Ne5 Rxf4 28.Nxd7 {#r} 1-0

[Event "Ch Romania (juniors) (under 14)"]
[Site "masterchessopen.com – Caciulata (Romania)"]
[Date "2011.04.12"]
[Round "2"]
[White "Secheres Adrian-Simion"]
[Black "Miroi Robert-Andrei"]
[Result "1-0"]
[WhiteElo "1853"]
[BlackElo "1771"]

1.d4 Nf6 2.c4 e6 3.Nf3 c5 4.d5 b5 5.Bg5 h6 6.Bxf6 Qxf6 7.Nc3 b4 8.Nb5 Na6
9.Qc2 e5 10.Rd1 Bb7 11.Nd2 Be7 12.e3 O-O 13.Bd3 Qg5 14.O-O f5 15.f4 Qf6 16.e4
fxe4 17.Nxe4 Qb6 18.fxe5 Rae8 19.Ned6 Bxd6 20.Nxd6 Rxe5 21.Bh7+ {#r} 1-0

[Event "Ch Belgium (juniors) (under 20)"]
[Site "masterchessopen.com – Houffalize (Belgium)"]
[Date "2011.04.19"]
[Round "4"]
[White "Godart Francois (FRA)"]
[Black "De Herdt Yasseen (BEL)"]
[Result "1-0"]
[WhiteElo "2266"]
[BlackElo "1996"]

1.d4 Nf6 2.c4 e6 3.Nf3 c5 4.d5 b5 5.dxe6 fxe6 6.cxb5 Bb7 7.Nbd2 Be7 8.e3 d5
9.Be2 Nbd7 10.O-O Qc7 11.Qc2 Bd6 12.h3 O-O 13.b3 Rae8 14.Bb2 Qd8 15.Bd3 g6
16.e4 Bb8 17.e5 Nh5 18.Bxg6 hxg6 19.Qxg6+ Ng7 20.Ng5 {#r} 1-0

[Event "Memorial V.Dordzhiev (cat.8)"]
[Site "masterchessopen.com – Elista (Russia)"]
[Date "2011.04.30"]
[Round "9"]
[White "Gevorkian David (ARM)"]
[Black "Gazarian Aram (RUS)"]
[Result "1-0"]
[WhiteElo "2445"]
[BlackElo "2513"]

1.d4 e6 2.c4 Nf6 3.Nf3 c5 4.d5 b5 5.dxe6 fxe6 6.cxb5 d5 7.Bf4 Be7 8.e3 O-O
9.Nc3 a6 10.a4 Qa5 11.Be2 axb5 12.Bxb5 Ba6 13.O-O Qb4 14.Qc2 Nbd7 15.Ng5 Bxb5
16.Nxb5 e5 17.Nc7 Qb7 18.Nxa8 exf4 19.Qf5 Kh8 20.Qe6 Ng8 21.Nf7+ Rxf7 22.Qxf7
fxe3 23.fxe3 Qxa8 24.a5 Ndf6 25.a6 Qa7 26.Rf3 c4 27.Kh1 Nh6 28.Qxe7 {#r} 1-0

[Event "Ch Ukraine (1/2 final)"]
[Site "masterchessopen.com – Alushta (Ukraine)"]
[Date "2011.05.06"]
[Round "4"]
[White "Odnorozhenko Evgenyi (UKR)"]
[Black "Oleksienko Mikhailo (UKR)"]
[Result "0-1"]
[WhiteElo "2284"]
[BlackElo "2563"]

1.d4 Nf6 2.c4 e6 3.Nf3 c5 4.d5 b5 5.dxe6 fxe6 6.cxb5 d5 7.g3 a6 8.bxa6 Bd6
9.Bg2 O-O 10.O-O Bxa6 11.Re1 Nc6 12.Nbd2 c4 13.e4 Bc5 14.exd5 exd5 15.Nf1 Qb6
16.Be3 d4 17.Bg5 Rad8 18.Re6 Bc8 19.Bxf6 Bxe6 20.Bxd8 Qxd8 21.Qa4 Nb4 22.Qb5
Qb6 23.Qxb6 Bxb6 24.a3 Nc2 25.Rc1 d3 26.Ng5 Rxf2 27.Nxe6 Ne1 28.Bd5 Rg2+ {#R}
0-1

[Event "Ch Ukraine (club)"]
[Site "masterchessopen.com – Alushta (Ukraine)"]
[Date "2011.05.19"]
[Round "7"]
[White "Kigel Dmytro (UKR)"]
[Black "Ipatov Alexander (ESP)"]
[Result "0-1"]
[WhiteElo "2215"]
[BlackElo "2591"]

1.d4 Nf6 2.Nf3 c5 3.d5 e6 4.c4 b5 5.dxe6 fxe6 6.cxb5 d5 7.a4 Bd6 8.Bg5 O-O
9.e3 Nbd7 10.Nc3 Bb7 11.a5 Rc8 12.Be2 Bb8 13.Qa4 c4 14.b4 cxb3 15.Qxb3 Qc7
16.Nd1 Kh8 17.Bh4 e5 18.Bg3 Qd8 19.O-O Ne4 20.b6 a6 21.Qb2 Qe7 22.Nd2 Nxg3
23.hxg3 e4 24.Nb3 Rc6 25.Nd4 Rh6 26.Nc3 Qg5 27.Qd2 Rxf2 28.Rxf2 Qxg3 {#R} 0-1

[Event "It (open)"]
[Site "masterchessopen.com – Zalakaros (Hungary)"]
[Date "2011.05.20"]
[Round "1"]
[White "Kabai Zsuzsanna (HUN)"]
[Black "Csiszar Csaba (HUN)"]
[Result "0-1"]
[WhiteElo "2137"]
[BlackElo "2394"]

1.d4 Nf6 2.c4 e6 3.Nf3 c5 4.d5 b5 5.dxe6 fxe6 6.cxb5 d5 7.e3 Bd6 8.b3 Nbd7
9.a4 Bb7 10.Ba3 e5 11.Nbd2 e4 12.Ng5 Qe7 13.a5 Rc8 14.h4 O-O 15.Be2 Ne5 16.Nf1
h6 17.Nh3 d4 18.Bc4+ Bd5 19.Nf4 Bxc4 20.bxc4 Nfg4 21.exd4 cxd4 22.Bxd6 Qxd6
23.g3 Rxf4 {#R} 0-1

[Event "Memorial Petrosian (open)"]
[Site "masterchessopen.com – Dimitrovgrad (Russia)"]
[Date "2011.06.19"]
[Round "3"]
[White "Bezvitelnov Dmitriy (RUS)"]
[Black "Prikhodko Anton (RUS)"]
[Result "0-1"]
[WhiteElo "1739"]
[BlackElo "2214"]

1.d4 Nf6 2.Nf3 e6 3.c4 c5 4.d5 b5 5.b3 exd5 6.cxd5 Bb7 7.e3 Nxd5 8.Bb2 a6
9.Bd3 Nf6 10.O-O d5 11.Nbd2 Be7 12.Qc2 Nbd7 13.e4 c4 14.bxc4 dxc4 15.Be2 O-O
16.a3 Nc5 17.Bxf6 Bxf6 18.e5 Be7 19.Rfd1 Qc7 20.h3 Rfd8 21.Rac1 Bxf3 22.Nxf3
Nd7 23.Qb2 Nb6 {#R} 0-1

[Event "It \"]
[Site "masterchessopen.com – Hamburg (Germany)"]
[Date "2011.07.14"]
[Round "7"]
[White "Rogozenko Dorian (ROM)"]
[Black "Jugelt Tobias (GER)"]
[Result "1-0"]
[WhiteElo "2552"]
[BlackElo "2399"]

1.d4 Nf6 2.Nf3 c5 3.d5 e6 4.c4 b5 5.dxe6 fxe6 6.cxb5 d5 7.g3 Bd6 8.Nbd2 Bb7
9.Bh3 Qe7 10.O-O Nbd7 11.Re1 h6 12.b3 g5 13.Bg2 Nb6 14.a4 a5 15.Qc2 e5 16.e4
d4 17.Nc4 Nxc4 18.Qxc4 Bxe4 19.Rxe4 Nxe4 20.Qd5 {#r} 1-0

[Event "Ch Vojvodina (open)"]
[Site "masterchessopen.com – Novi Sad (Serbia)"]
[Date "2011.07.24"]
[Round "2"]
[White "Kumic Filip (SRB)"]
[Black "Gazic Josip (GER)"]
[Result "0-1"]
[WhiteElo "2196"]
[BlackElo "2276"]

1.d4 Nf6 2.Nf3 c5 3.d5 e6 4.c4 b5 5.Bg5 exd5 6.cxd5 h6 7.Bf4 Bb7 8.d6 Nd5
9.Be5 Qa5+ 10.Nbd2 Nc6 11.Bg3 c4 12.e4 Nf6 13.a4 Nb4 14.Ra3 Bxe4 15.axb5 Qxa3
16.bxa3 Nc2+ 17.Qxc2 Bxc2 18.Bxc4 Nh5 19.Ne5 Nxg3 20.Bxf7+ Kd8 21.Bd5 Bxd6
22.Bxa8 Bxe5 23.hxg3 Bc3 24.f3 Re8+ {#R} 0-1

[Event "Memorial Jessie Gilbert (open)"]
[Site "masterchessopen.com – Coulsdon (England)"]
[Date "2011.08.24"]
[Round "5"]
[White "Arkell Keith C (ENG)"]
[Black "Rudd Jack (ENG)"]
[Result "1-0"]
[WhiteElo "2432"]
[BlackElo "2278"]

1.Nf3 Nf6 2.c4 e6 3.d4 c5 4.d5 b5 5.Bg5 exd5 6.cxd5 d6 7.e4 a6 8.a4 Be7 9.Bxf6
Bxf6 10.axb5 Bxb2 11.Ra2 Bf6 12.Bd3 O-O 13.O-O Ra7 14.Nbd2 Re8 15.Nc4 Rae7
16.b6 Bg4 17.Ra3 Bd4 18.h3 Bxf3 19.Qxf3 Nd7 20.Rxa6 Ne5 21.Nxe5 Bxe5 22.Bb5
Rf8 23.Rb1 f5 24.exf5 Ref7 25.Bc6 Rxf5 26.Qxf5 {#r} 1-0

[Event "It (cat.2)"]
[Site "masterchessopen.com – Budapest (Hungary)"]
[Date "2011.09.07"]
[Round "5"]
[White "Horvath David"]
[Black "Lyell Mark (ENG)"]
[Result "1-0"]
[WhiteElo "2349"]
[BlackElo "2197"]

1.d4 Nf6 2.c4 e6 3.Nf3 c5 4.d5 b5 5.dxe6 fxe6 6.cxb5 d5 7.Nc3 Bb7 8.g3 d4
9.Na4 Bd6 10.Bg2 O-O 11.b4 Nbd7 12.bxc5 Nxc5 13.O-O Nxa4 14.Qxa4 e5 15.e3 d3
16.Bb2 Qe8 17.Rad1 Qh5 18.Nh4 Bxg2 19.Kxg2 g5 20.Nf5 Rad8 21.Rxd3 e4 22.Qb3+
Rf7 23.Rxd6 {#r} 1-0

[Event "Cup Governor's (open)"]
[Site "masterchessopen.com – Khanty Mansyisk (Russia)"]
[Date "2011.09.08"]
[Round "9"]
[White "Pashikian Arman (ARM)"]
[Black "Artamonov Valery (RUS)"]
[Result "1-0"]
[WhiteElo "2616"]
[BlackElo "2277"]

1.d4 Nf6 2.Nf3 c5 3.d5 e6 4.c4 b5 5.Bg5 exd5 6.cxd5 d6 7.a4 h6 8.Bxf6 Qxf6
9.e4 a6 10.axb5 Qxb2 11.Nbd2 Be7 12.Be2 f5 13.e5 Bb7 14.O-O axb5 15.Rb1 Qa2
16.Bxb5+ Kf7 17.Nc4 Rd8 18.Qd3 g6 19.exd6 Bf6 20.Rfe1 Na6 21.Nce5+ Bxe5 22.Bc4
Qa5 23.Rxb7+ Kg8 24.Rxe5 Nb4 25.Qe3 Qa1+ 26.Bf1 {#r} 1-0

[Event "Ch Poland (team) (extraliga)"]
[Site "masterchessopen.com – Katowice (Poland)"]
[Date "2011.10.08"]
[Round "8"]
[White "Czakon Jakub (POL)"]
[Black "Kryvoruchko Yuriy (UKR)"]
[Result "0-1"]
[WhiteElo "2490"]
[BlackElo "2666"]

1.d4 Nf6 2.c4 e6 3.Nf3 c5 4.d5 b5 5.dxe6 fxe6 6.cxb5 d5 7.Nc3 Bb7 8.e4 d4 9.e5
Nfd7 10.Nb1 Bd5 11.Nbd2 a6 12.bxa6 Nc6 13.Nc4 Be7 14.Bf4 O-O 15.Bg3 Nb6
16.Nfd2 Bg5 17.b3 d3 18.Nxb6 Qxb6 19.Qg4 Bxd2+ 20.Kxd2 c4 21.bxc4 Qb2+ 22.Ke3
Nxe5 {#R} 0-1

[Event "Ch Spain (team) \"]
[Site "masterchessopen.com – Benidorm (Spain)"]
[Date "2011.11.17"]
[Round "5"]
[White "Rubio Mancebon Pedro Jose (ESP)"]
[Black "Draghici Gavril (ESP)"]
[Result "0-1"]
[WhiteElo "1891"]
[BlackElo "2089"]

1.d4 Nf6 2.Nf3 e6 3.c4 c5 4.d5 b5 5.Bg5 h6 6.Bxf6 Qxf6 7.Qc2 exd5 8.cxd5 c4
9.Nc3 Bb4 10.a4 Bb7 11.e4 a6 12.axb5 axb5 13.Rxa8 Bxa8 14.Be2 O-O 15.O-O Qb6
16.Rd1 Bc5 17.Bf1 Na6 18.Qd2 Re8 19.Nd4 Nc7 20.Nf5 Na6 21.Qf4 Bf8 22.Ne2 Nc5
23.Neg3 Qf6 24.Rd2 Kh7 25.h3 g6 26.Qg4 gxf5 27.Nxf5 Rxe4 {#R} 0-1

[Event "It (open) (active) (Handicap)"]
[Site "masterchessopen.com – Puhajarve (Estonia)"]
[Date "2011.11.25"]
[Round "3"]
[White "Valgmae Toomas (EST)"]
[Black "Nyback Tomi (FIN)"]
[Result "0-1"]
[WhiteElo "2208"]
[BlackElo "2631"]

1.d4 Nf6 2.c4 e6 3.Nf3 c5 4.d5 b5 5.cxb5 exd5 6.e3 Bb7 7.Nc3 g6 8.Be2 Bg7
9.O-O d6 10.Qc2 O-O 11.b3 Nbd7 12.Bb2 Ne5 13.Rfd1 Re8 14.Rac1 Qe7 15.Nxe5 dxe5
16.Na4 Rac8 17.Nxc5 Ba8 18.b4 d4 19.exd4 exd4 20.Bf1 Nd5 21.a3 Nf4 22.Qb3 d3
23.Bxg7 Nh3+ 24.Kh1 Nxf2+ 25.Kg1 Qe3 26.h3 Nxd1+ 27.Kh2 Qxc1 {#R} 0-1

[Event "Czech League 2011/12 (2nd) (c)"]
[Site "masterchessopen.com – Czech Republic"]
[Date "2012.02.05"]
[Round "7"]
[White "Snorek Milan (CZE)"]
[Black "Dvorak Jan (CZE)"]
[Result "0-1"]
[WhiteElo "2097"]
[BlackElo "2204"]

1.d4 e6 2.Nf3 Nf6 3.c4 c5 4.d5 b5 5.dxe6 fxe6 6.cxb5 d5 7.g3 Bd6 8.Nc3 d4
9.Na4 Bb7 10.Bh3 Bd5 11.O-O e5 12.Qc2 Nbd7 13.Bg5 O-O 14.Bxd7 Qxd7 15.Bxf6
Rxf6 16.Nxc5 Qg4 17.Ne1 Rc8 18.b4 Rh6 19.e4 dxe3 20.f3 Qxb4 21.Ncd3 Rxc2
22.Nxb4 Rcxh2 {#R} 0-1

[Event "Ch Moscow (1/2 final)"]
[Site "masterchessopen.com – Moscow (Russia)"]
[Date "2012.03.01"]
[Round "5"]
[White "Demianjuk Alexander (RUS)"]
[Black "Pokhlebin Sergej (RUS)"]
[Result "1-0"]
[WhiteElo "2313"]
[BlackElo "2072"]

1.d4 e6 2.c4 Nf6 3.Nf3 c5 4.d5 b5 5.Bg5 Qa5+ 6.Nbd2 Be7 7.e4 Bb7 8.Be2 bxc4
9.O-O Qd8 10.d6 Bf8 11.e5 h6 12.Be3 Ne4 13.Nxe4 Bxe4 14.Bxc5 Nc6 15.Be3 Rb8
16.Nd2 Bd5 17.Bxc4 Bxc4 18.Nxc4 Rb5 19.f4 Rd5 20.Qf3 g6 21.Rfd1 Nb4 22.Bxa7
Qa8 23.Bf2 Rxd1+ 24.Qxd1 Nd5 25.Qf3 Bg7 26.Ne3 {#r} 1-0

[Event "Ch Czech Republic (team) (1 liga) West"]
[Site "masterchessopen.com – Czech Republic"]
[Date "2012.04.01"]
[Round "11"]
[White "Bernasek Jan (CZE)"]
[Black "Svoboda Vaclav (CZE)"]
[Result "1-0"]
[WhiteElo "2464"]
[BlackElo "2328"]

1.d4 Nf6 2.c4 e6 3.Nf3 c5 4.d5 b5 5.Bg5 exd5 6.cxd5 h6 7.Bxf6 Qxf6 8.Qc2 d6
9.e4 a6 10.a4 b4 11.Nbd2 Nd7 12.Bd3 g6 13.O-O Bg7 14.Nc4 O-O 15.Nfd2 a5 16.f4
Qe7 17.Nb3 Nf6 18.Nbxa5 Bd7 19.Rae1 Ng4 20.e5 dxe5 21.h3 Qh4 22.hxg4 exf4
23.Re4 g5 24.Nc6 Rfe8 25.N6e5 f5 26.gxf5 Bxf5 27.Re2 Bxd3 28.Qxd3 {#r} 1-0

[Event "Bundesliga (2nd) West 2011/12"]
[Site "masterchessopen.com – Germany"]
[Date "2012.04.16"]
[Round "9"]
[White "Timman Jan H (NED)"]
[Black "Krejci Jan (CZE)"]
[Result "0-1"]
[WhiteElo "2555"]
[BlackElo "2489"]

1.d4 Nf6 2.c4 e6 3.Nf3 c5 4.d5 b5 5.dxe6 fxe6 6.cxb5 d5 7.Nc3 Nbd7 8.e4 d4
9.e5 Ng4 10.Ne4 Ndxe5 11.Nxe5 Nxe5 12.Qh5+ Nf7 13.Nxc5 g6 14.Qf3 Bxc5 15.Qc6+
Qd7 16.Qxc5 Bb7 17.Bd2 Rc8 18.Qb4 Qd5 19.f3 Ne5 20.Qb3 Qd7 21.Bf4 Nxf3+
22.gxf3 Rf8 23.Bc4 Rxf4 24.Bxe6 Qe7 25.O-O Qg5+ 26.Kh1 Rc3 27.bxc3 Rxf3 {#R}
0-1

[Event "It \"]
[Site "masterchessopen.com – Krakow (Poland)"]
[Date "2012.05.01"]
[Round "3"]
[White "Gbyl Andrzej (POL)"]
[Black "Suliborski Jakub (POL)"]
[Result "1-0"]
[WhiteElo "2223"]
[BlackElo "2009"]

1.d4 Nf6 2.c4 e6 3.Nf3 c5 4.d5 b5 5.Bg5 bxc4 6.Nc3 Qb6 7.Bxf6 gxf6 8.Qd2 Bb7
9.e4 Rg8 10.g3 Bg7 11.Bxc4 Qb4 12.Bd3 c4 13.Be2 Na6 14.O-O Rc8 15.Rfd1 Nc5
16.a3 Qb6 17.Bxc4 f5 18.e5 Ne4 19.Nxe4 fxe4 20.dxe6 dxe6 21.Qd7+ {#r} 1-0

[Event "Ch Vojvodina (open)"]
[Site "masterchessopen.com – Novi Sad (Serbia)"]
[Date "2012.06.30"]
[Round "3"]
[White "Kokeza Mirko (SRB)"]
[Black "Vucinic Gojko (SRB)"]
[Result "1-0"]
[WhiteElo "2282"]
[BlackElo "2150"]

1.d4 Nf6 2.c4 e6 3.Nf3 c5 4.d5 b5 5.Bg5 h6 6.Bxf6 Qxf6 7.Nc3 b4 8.Nb5 Kd8
9.Rb1 d6 10.Qa4 a5 11.dxe6 Qxe6 12.e3 Bb7 13.Be2 Nd7 14.Rd1 g5 15.h3 Be4
16.Rd2 Be7 17.a3 h5 18.Nxd6 Ra7 19.Nxe4 Qxe4 20.O-O Kc8 21.Rfd1 Qe6 22.Nh2 g4
23.hxg4 hxg4 24.Bxg4 f5 25.Bh3 Nb6 26.Qc2 Qxc4 27.Qxf5+ Kb8 28.Qe5+ {#r} 1-0

[Event "Tournament \"]
[Site "masterchessopen.com – Hamadan (Iran)"]
[Date "2012.07.11"]
[Round "1"]
[White "Atanejhad Sahebali (IRI)"]
[Black "Ghahremani Farid"]
[Result "1-0"]
[WhiteElo "2190"]
[BlackElo "1710"]

1.d4 Nf6 2.c4 e6 3.Nf3 c5 4.d5 b5 5.a4 bxc4 6.Nc3 Qa5 7.Bd2 Qb6 8.e4 Ba6 9.Qc2
Qb3 10.Qc1 Qb7 11.Bg5 exd5 12.Bxf6 dxe4 13.Bh4 f6 14.Qe3 d5 15.O-O-O Kf7
16.Ne1 d4 17.Qxe4 Nc6 18.Qd5+ Ke8 19.Nb5 Bxb5 20.axb5 Qxb5 21.Bxc4 Qa4 22.Nc2
Be7 23.b3 {#r} 1-0

[Event "Tournament \"]
[Site "masterchessopen.com – Hamadan (Iran)"]
[Date "2012.07.14"]
[Round "6"]
[White "Changaei Amin"]
[Black "Feyli Sina (IRI)"]
[Result "0-1"]
[WhiteElo "2061"]
[BlackElo "2202"]

1.d4 Nf6 2.c4 e6 3.Nf3 c5 4.d5 b5 5.e3 exd5 6.cxd5 a6 7.a4 b4 8.a5 d6 9.Bc4 g6
10.O-O Bg7 11.e4 O-O 12.e5 dxe5 13.Nxe5 Bb7 14.Be3 Nxd5 15.Bxc5 Bxe5 16.Bxf8
Kxf8 17.Qf3 Qh4 18.h3 Qxc4 19.Nd2 Qf4 20.Qxf4 Nxf4 21.Nc4 Bc7 22.f3 Nc6
23.Rfd1 Rd8 24.Rxd8+ Nxd8 25.Rd1 Ke7 26.Kf2 {#R} 0-1

[Event "It (open)"]
[Site "masterchessopen.com – Pardubice (Czech Republic)"]
[Date "2012.07.23"]
[Round "4"]
[White "Battey Alexander (USA)"]
[Black "Gruenter Martin (GER)"]
[Result "1-0"]
[WhiteElo "2396"]
[BlackElo "2232"]

1.d4 Nf6 2.c4 e6 3.Nf3 c5 4.d5 b5 5.e4 Nxe4 6.Bd3 Nf6 7.O-O bxc4 8.Bxc4 Ba6
9.Bxa6 Nxa6 10.Nc3 Nb4 11.Bg5 h6 12.Bxf6 Qxf6 13.Re1 Be7 14.Ne5 Nxd5 15.Nxd5
exd5 16.Qxd5 Rd8 17.Rad1 Qe6 18.Qb7 Qb6 19.Rxd7 {#r} 1-0